| 000 | 00981nam a2200277Ia 4500 | ||
|---|---|---|---|
| 003 | PE SENCICO BE | ||
| 005 | 20251020182434.0 | ||
| 008 | 200515s9999 xx 000 0 und d | ||
| 040 |
_aPE SENCICO BE _cPE SENCICO BE |
||
| 041 | _aspa | ||
| 082 |
_a370.985 _bI5 |
||
| 110 | 1 |
_aInstituto Peruano de Administración de Empresas _92567 |
|
| 245 | 0 |
_aPerú: ¿en que país queremos vivir? : _bla apuesta por la educación y la cultura / _cInstituto Peruano de Administración de Empresas |
|
| 250 | _a1a ed. | ||
| 260 |
_aLima : _bIPAE ; _c2001 |
||
| 300 |
_a4 tomos: _bil., tbl., graf. ; _c24 cm. |
||
| 505 | 0 | _aTomo 1: Cultura -- Tomo 2: Cultura -- Tomo 3: Educación -- Tomo 4: Propuestas | |
| 650 | 1 | 0 |
_aEducación _92279 |
| 650 | 2 | 0 |
_aCultura _9969 |
| 650 | 2 | 0 |
_aEducación y estado _92696 |
| 650 | 2 | 0 |
_aPolítica cultural _92697 |
| 651 | 0 |
_9661 _aPerú |
|
| 710 | 1 |
_92699 _aCentro de Estudios Estratégicos |
|
| 711 | 1 |
_92698 _a38 CADE 2000 - 2001 |
|
| 942 |
_cLIB _2ddc |
||
| 999 |
_c324 _d324 |
||